000 03197nam a22003257a 4500
001 4543
003 FISKH
005 20250916111804.0
008 240913b cb ||||| |||| 00| 0 eng d
020 _a9789995094782
040 _aFISKH
_bBilingual
_cFISKH
_dFISKH
050 _aPZ7
082 _a900
100 _aSotheary, Kimsun
_eeditor
245 _aសុបិនកុមារ /
_cរៀបរៀងដោយអ្នកស្រី គឺមស៊ុន សុធារី : វិចិត្រកររូបភាពដោយលោក ថៃ សាន
250 _aចេញផ្សាយខែវិច្ឆិកា ឆ្នាំ២០០៩
260 _aភ្នំពេញ :
_bReading Books ;
_c២០០៩ .
300 _a28 pages :
_bcolor illustrations ;
_c26 cm .
490 _aពិភពរឿងនិទាន
505 _aK
520 _aកាលពីយូរលង់ណាស់មកហើយមានប្តីប្រពន្ធពីនាក់ជាមហាសេដ្ធី មានកូនប្រុសម្នាក់ ដោយសារតែកូននោះហូបច្រើនពេកប្តីប្រពន្ធទាំងពីរក៏សម្រេចយកកូនទោចោលនៅទីប៉ាឆា ។ ពេលសុបិនអាយុប្រាំពីរឆ្នាំគេក៏បួសជាសាមណេ ។ ថ្ងៃមួយសុបិនយល់សប្តិ ហើយស្តេចក៏ភ័យខ្លាចសុបិន្តដណ្តើមរាជក៏ចាប់សុបិនដាក់គុក ។ថ្ងៃមួយព្រះរាជាចេញទៅក្រសាលតាមដងទន្លក៏ប្រទះនឺងកម្រងផ្កាអណ្តែតតាមទឹក ទ្រង់ក៏បញ្ជាអោយដោះលែងសុបិនដើម្ពីទៅស្វែងរកម្ចាស់កំរងផ្កា ។​ ក្រោយពីរកម្ចាស់កម្រងផ្កាឃើញហើយសុបិនបែរជាមិនអាចនាំព្រះរាជធីតាបុទុមកេសរា មកថ្វាយព្រះរាជាបានដោយសារចាញ់កលពលសេនារបស់ព្រះរាជា ។​
520 _aA long time ago, a couple of millionaires had a son because they ate too much, so the couple decided to leave their first child in Tibet. When he was seven years old, he became a monk. One day he had a dream and the king was afraid to dream of seizing the kingdom and imprisoned him.One day he had a dream and the king was scared. He dreamed of seizing the king and imprisoned him.After finding the owner of the bouquet, the dreamer was unable to bring Princess Botum Kesara to the king due to the defeat of the king's army​ .
521 8 _a510
_bLexile estimate
521 8 _aK
_bRaz-Plus
650 _aព្រះរាជា
_vរឿងប្រឌិត
650 _aking
_vfiction
700 _aSan, That
_eillustrator
942 _2ddc
_cKHB
_n0
999 _c4543
_d4543